Enterpreneurship and Business Management in Modern Information and Communication Technology. (Record no. 3058)

MARC details
000 -LEADER
fixed length control field 00625nam a22002057a 4500
003 - CONTROL NUMBER IDENTIFIER
control field OSt
005 - DATE AND TIME OF LATEST TRANSACTION
control field 20160425135916.0
008 - FIXED-LENGTH DATA ELEMENTS--GENERAL INFORMATION
fixed length control field 160222b xxu||||| |||| 00| 0 eng d
020 ## - INTERNATIONAL STANDARD BOOK NUMBER
International Standard Book Number 978074426X
040 ## - CATALOGING SOURCE
Transcribing agency DDC.
082 ## - DEWEY DECIMAL CLASSIFICATION NUMBER
Classification number 658.421 TUK 2008
100 ## - MAIN ENTRY--PERSONAL NAME
Personal name Tukur Isa Karibu;
9 (RLIN) 6813
245 ## - TITLE STATEMENT
Title Enterpreneurship and Business Management in Modern Information and Communication Technology.
260 ## - PUBLICATION, DISTRIBUTION, ETC. (IMPRINT)
Place of publication, distribution, etc. Islamic University Uganda, 2008
300 ## - PHYSICAL DESCRIPTION
Extent xii,238p;
Other physical details ill;
Dimensions 28cm
504 ## - BIBLIOGRAPHY, ETC. NOTE
Bibliography, etc includes Bibliography and index.
650 ## - SUBJECT ADDED ENTRY--TOPICAL TERM
Topical term or geographic name as entry element Business Management.
9 (RLIN) 6027
650 ## - SUBJECT ADDED ENTRY--TOPICAL TERM
Topical term or geographic name as entry element Entrepreneurship
9 (RLIN) 6831
942 ## - ADDED ENTRY ELEMENTS (KOHA)
Source of classification or shelving scheme Dewey Decimal Classification
Koha item type Short Loan
Holdings
Withdrawn status Lost status Source of classification or shelving scheme Damaged status Not for loan Home library Current library Date acquired Source of acquisition Inventory number Total Checkouts Full call number Barcode Date last seen Koha item type
    Dewey Decimal Classification     MUST Main Library MUST Main Library 22/02/2016   08/29956   658.421 TUK 2008 2016-0200 22/02/2016 Short Loan